<?xml version="1.0" encoding="UTF-8"?>
<record
    xmlns:xsi="http://www.w3.org/2001/XMLSchema-instance"
    xsi:schemaLocation="http://www.loc.gov/MARC21/slim http://www.loc.gov/standards/marcxml/schema/MARC21slim.xsd"
    xmlns="http://www.loc.gov/MARC21/slim">

  <leader>00273    a2200121   4500</leader>
  <controlfield tag="005">20260310133939.0</controlfield>
  <datafield tag="020" ind1=" " ind2=" ">
    <subfield code="a">9789332518483</subfield>
  </datafield>
  <datafield tag="100" ind1=" " ind2=" ">
    <subfield code="a">Inman D.</subfield>
    <subfield code="9">216931</subfield>
  </datafield>
  <datafield tag="245" ind1=" " ind2=" ">
    <subfield code="a">Engineering Vibrations</subfield>
  </datafield>
  <datafield tag="250" ind1=" " ind2=" ">
    <subfield code="a">4th</subfield>
  </datafield>
  <datafield tag="260" ind1=" " ind2=" ">
    <subfield code="b">Pearson Education India</subfield>
    <subfield code="c">2022</subfield>
  </datafield>
  <datafield tag="942" ind1=" " ind2=" ">
    <subfield code="c">AR</subfield>
  </datafield>
  <datafield tag="999" ind1=" " ind2=" ">
    <subfield code="c">370657</subfield>
    <subfield code="d">370657</subfield>
  </datafield>
  <datafield tag="952" ind1=" " ind2=" ">
    <subfield code="0">0</subfield>
    <subfield code="1">0</subfield>
    <subfield code="2">ddc</subfield>
    <subfield code="4">0</subfield>
    <subfield code="7">0</subfield>
    <subfield code="a">CCEP</subfield>
    <subfield code="b">CCEP</subfield>
    <subfield code="d">2026-03-10</subfield>
    <subfield code="e">115</subfield>
    <subfield code="g">676.80</subfield>
    <subfield code="l">1</subfield>
    <subfield code="o">620.3 INM</subfield>
    <subfield code="p">CCEP-BK-70550</subfield>
    <subfield code="q">2026-07-31</subfield>
    <subfield code="r">2026-03-11 16:03:07</subfield>
    <subfield code="s">2026-03-11</subfield>
    <subfield code="v">940.00</subfield>
    <subfield code="w">2026-03-10</subfield>
    <subfield code="y">BK</subfield>
  </datafield>
  <datafield tag="952" ind1=" " ind2=" ">
    <subfield code="0">0</subfield>
    <subfield code="1">0</subfield>
    <subfield code="2">ddc</subfield>
    <subfield code="4">0</subfield>
    <subfield code="7">0</subfield>
    <subfield code="a">CCEP</subfield>
    <subfield code="b">CCEP</subfield>
    <subfield code="d">2026-03-10</subfield>
    <subfield code="e">115</subfield>
    <subfield code="g">676.80</subfield>
    <subfield code="l">0</subfield>
    <subfield code="o">620.3 INM</subfield>
    <subfield code="p">CCEP-BK-70547</subfield>
    <subfield code="r">2026-03-10 00:00:00</subfield>
    <subfield code="v">940.00</subfield>
    <subfield code="w">2026-03-10</subfield>
    <subfield code="y">BK</subfield>
  </datafield>
  <datafield tag="952" ind1=" " ind2=" ">
    <subfield code="0">0</subfield>
    <subfield code="1">0</subfield>
    <subfield code="2">ddc</subfield>
    <subfield code="4">0</subfield>
    <subfield code="7">0</subfield>
    <subfield code="a">CCEP</subfield>
    <subfield code="b">CCEP</subfield>
    <subfield code="d">2026-03-10</subfield>
    <subfield code="e">115</subfield>
    <subfield code="g">676.80</subfield>
    <subfield code="l">1</subfield>
    <subfield code="o">620.3 INM</subfield>
    <subfield code="p">CCEP-BK-70548</subfield>
    <subfield code="q">2026-07-31</subfield>
    <subfield code="r">2026-03-31 12:43:33</subfield>
    <subfield code="s">2026-03-31</subfield>
    <subfield code="v">940.00</subfield>
    <subfield code="w">2026-03-10</subfield>
    <subfield code="y">BK</subfield>
  </datafield>
  <datafield tag="952" ind1=" " ind2=" ">
    <subfield code="0">0</subfield>
    <subfield code="1">0</subfield>
    <subfield code="2">ddc</subfield>
    <subfield code="4">0</subfield>
    <subfield code="7">0</subfield>
    <subfield code="a">CCEP</subfield>
    <subfield code="b">CCEP</subfield>
    <subfield code="d">2026-03-10</subfield>
    <subfield code="e">115</subfield>
    <subfield code="g">676.80</subfield>
    <subfield code="l">1</subfield>
    <subfield code="o">620.3 INM</subfield>
    <subfield code="p">CCEP-BK-70549</subfield>
    <subfield code="q">2026-07-31</subfield>
    <subfield code="r">2026-03-23 15:45:59</subfield>
    <subfield code="s">2026-03-23</subfield>
    <subfield code="v">940.00</subfield>
    <subfield code="w">2026-03-10</subfield>
    <subfield code="y">BK</subfield>
  </datafield>
  <datafield tag="952" ind1=" " ind2=" ">
    <subfield code="0">0</subfield>
    <subfield code="1">0</subfield>
    <subfield code="2">ddc</subfield>
    <subfield code="4">0</subfield>
    <subfield code="7">0</subfield>
    <subfield code="a">CCEP</subfield>
    <subfield code="b">CCEP</subfield>
    <subfield code="d">2026-03-10</subfield>
    <subfield code="e">115</subfield>
    <subfield code="g">676.80</subfield>
    <subfield code="l">1</subfield>
    <subfield code="o">620.3 INM</subfield>
    <subfield code="p">CCEP-BK-70551</subfield>
    <subfield code="q">2026-07-31</subfield>
    <subfield code="r">2026-03-12 12:28:02</subfield>
    <subfield code="s">2026-03-12</subfield>
    <subfield code="v">940.00</subfield>
    <subfield code="w">2026-03-10</subfield>
    <subfield code="y">BK</subfield>
  </datafield>
</record>
